000 00292nam a22001337a 4500
003 SGT
082 _a340.095484,RAO
100 _aRAO,KVR
245 _aPLEADINGS AND PRACTICE IN ANDHRA PRADESH
260 _aHYDRABAD
_bALD PUBLISHERS
_c2001
300 _a703
650 _aLAW
942 _2ddc
_cBK
999 _c9656
_d9656